| 000 | 00620nam a2200217 a 4500 | ||
|---|---|---|---|
| 001 | BRCA_5715 | ||
| 005 | 20190320205205.0 | ||
| 008 | 030311s1895----gw-a######---#000-0#ger-# | ||
| 041 | _ager | ||
| 044 | _agw | ||
| 050 | 4 |
_aZ68 _b.B85 1895 |
|
| 100 | 1 |
_aBukertort, Adolf _914505 |
|
| 245 | 1 | 0 |
_aPraktischer Lehrgang de Deutschen Stenographie nach Gabelsberger Gntm _cAdolf Bukertort. |
| 260 |
_aAlemania _bRud Hoffmann _c1895 |
||
| 300 |
_a39 p. _bil., 18 láminas _c22 cm. |
||
| 500 | _aH35 | ||
| 650 | 1 | 4 |
_aEstenografía _zAlemania _914506 |
| 650 | 1 | 4 |
_aTaquigrafía _zAlemania _914507 |
| 902 | _aGFM | ||
| 942 |
_2lcc _cB |
||
| 999 |
_c5405 _d5405 |
||